000 00739nam a2200205 i 4500
001 171320
003 ES-MaACL
005 20230906214611.0
007 t|
008 090508s1914 fr ||||1| fre d
080 _a782.6
100 1 _aFlers, Robert de.
_951180
245 1 0 _aBéatrice
_b: légende lyrique en quatre actes /
_cpoème de Robert de Flers et Gaston-A. de Caillavet (d'après Charles Nodier) ; musique de André Messager.
260 _aParis :
_bA. Fürstner,
_c1914.
300 _a87 p. ;
_c18 cm.
650 4 _aÓperas-
_vLibretos.
_9137584
700 1 _aCaillavet, Gaston-Arman de.
_9139185
700 1 _aMessager, André.
_9137967
852 4 _aES-MaACL
_jE-12635
_9R.140209
_z. - Biblioteca Jacinto Martínez Lacalle
999 _c171320
_d171320